000 00566nam a2200193Ia 4500
003 GCL
008 140319s9999 xx 000 0 ara d
040 _aGCL /
_cGCL
082 0 4 _a833.01
_bه ص
100 1 _aمحمد احمد الجوادى
245 1 0 _aالصيف الاخير /
_cمحمد احمد الجوادى
700 1 _aهيسة, هيرمان
300 _a188
490 _aجوائز عالمية
_v0
650 0 4 _aالقصص القصيرة
650 0 4 _aالادب
650 0 4 _aالقصص الالمانية المترجمة
942 _2ddc
_cBK
999 _c46740
_d46740